| 000 | 00463nam a2200157 u 4500 | ||
|---|---|---|---|
| 003 | DLC | ||
| 005 | 20210219154621.0 | ||
| 035 | _aUPN01000129159 | ||
| 245 | 0 | 0 | _aHIGHER EDUCATION MANAGEMENT |
| 260 |
_aInglaterra : _bOECD Organisation for Economic Co-Operation and Development |
||
| 547 | _aContinĂșa como : HIGHER EDUCATION MANAGEMENT AND POLICY | ||
| 653 | _aEDUCACION SUPERIOR | ||
| 653 | _aGESTION EDUCATIVA | ||
| 905 | _aRevista | ||
| 999 |
_c101332 _d101332 |
||